Nazwij pasujące państwo #8 - Statystyki

Ogólne statystyki
  • Ten quiz został rozwiązany 10 859 razy
  • Średni wynik to 12 z 20
Statystyki odpowiedzi
Nazwij państwo... # Państwo % Poprawnych
które na swojej fladze ma tylko biały i czerwony: 17 Austria | Bahrajn | Dania | Gruzja | Indonezja | Japonia | Kanada | Katar | Łotwa | Monako | Peru | Polska | Singapur | Szwajcaria | Tonga | Tunezja | Turcja
100%
które graniczy z Nepalem: 2 Chiny | Indie
95%
które podpisało pakt trzech (pakt berliński): 3 Japonia | Niemcy | Włochy
91%
w którym ponad 100 milionów osób żyje na wyspach: 3 Filipiny | Indonezja | Japonia
80%
w którym średnia wysokość to ponad 3000 m n.p.m.: 3 Bhutan | Nepal | Tadżykistan
77%
które graniczy z państwem którego nazwa kończy się na "stan", ale jego nazwa nie kończy się na "stan": 4 Chiny | Indie | Iran | Rosja
76%
które ma powierzchnię większą od 1 miliona km2 i nie ma pustyni: 3 Brazylia | Demokratyczna Republika Konga | Indonezja
75%
w którym jest co najmniej 130 aktywnych wulkanów: 4 Indonezja | Islandia | Rosja | Stany Zjednoczone
75%
w którym średnia temperatura w lipcu to mniej niż 10 °C: 5 Chile | Nowa Zelandia | Lesotho | Argentyna | Islandia
60%
które ma terytorium w Polinezji: 9 Australia | Chile | Fidżi | Francja | Nowa Zelandia | Samoa | Stany Zjednoczone | Tonga | Tuvalu
59%
które uzyskało niepodległość od Stanów Zjednoczonych: 5 Filipiny | Kuba | Mikronezja | Palau | Wyspy Marshalla
59%
w którym organizowane były igrzyska olimpijskie, ale mieszka tam mniej niż 15 milionów osób: 7 Austria | Belgia | Finlandia | Grecja | Norwegia | Szwajcaria | Szwecja
52%
które jest większe od Szwajcarii i nie ma własnej armii: 3 Islandia | Kostaryka | Panama
50%
którego nazwa stolicy kończy się na "i": 12 Dżibuti | Finlandia | Gruzja | Indie | Kenia | Komory | Republika Środkowoafrykańska | Rwanda | Timor Wschodni | Tuvalu | Wietnam | Zjednoczone Emiraty Arabskie
48%
w którym średnia sumy rocznych opadów w latach 1991-2020 to ponad 2500mm: 17 Brunei | Filipiny | Indonezja | Kolumbia | Kostaryka | Malezja | Mikronezja | Palau | Panama | Papua-Nowa Gwinea | Samoa | Sierra Leone | Singapur | Tuvalu | Vanuatu | Wyspy Marshalla | Wyspy Salomona
47%
które leży w Ameryce i jego maksymalna wysokośc jest mniejsza niż 1000 m n.p.m.: 5 Antigua i Barbuda | Bahamy | Barbados | Paragwaj | Urugwaj
44%
w którym ustrój to teokracja: 3 Afganistan | Iran | Watykan
41%
którego populacja to ponad 100 milionów osób i nigdy nie zdobyło medalu olimpijskiego: 2 Bangladesz | Demokratyczna Republika Konga
38%
w któym suahili jest oficjalnym językiem: 4 Kenia | Rwanda | Tanzania | Uganda
35%
które leży nad Morzem Aralskim: 2 Kazachstan | Uzbekistan
32%
Nie znaleziono quizów pasujących do podanych kryteriów
Rozkład punktacji
Procent ludzi z każdym wynikiem
Percentyl według liczby udzielonych odpowiedzi
Twoja historia wyników
Nie rozwiązałeś tego quizu